|
|
|
|
| LEADER |
00988nam a2200253 a 4500 |
| 001 |
c000386731 |
| 003 |
CARM |
| 005 |
00000000000000.0 |
| 008 |
980318s1912 enkac 000 0 eng d |
| 019 |
1 |
|
|a 69851300
|5 LACONCORD2021
|
| 035 |
|
|
|a (OCoLC)221437381
|5 LACONCORD2021
|
| 040 |
|
|
|a VDU
|c VDU
|
| 082 |
0 |
4 |
|a 366.1
|2 21
|
| 100 |
1 |
|
|a Lawrence, John Thomas,
|d 1859-
|
| 245 |
1 |
0 |
|a Masonic jurisprudence :
|b illustrated by grand lodge decisions from the date of the union /
|c by John T. Lawrence, with an introduction by V. W. Canon Horsley.
|
| 250 |
|
|
|a 2nd ed., rev. and enl.
|
| 260 |
|
|
|a London :
|b A. Lewis,
|c 1912.
|
| 300 |
|
|
|a xii, 365 p. :
|b ill., port.
|
| 650 |
|
0 |
|a Freemasons.
|
| 650 |
|
0 |
|a Freemasonry
|x Symbolism.
|
| 700 |
1 |
|
|a Horsley, V. W.
|
| 852 |
8 |
|
|b CARM
|h A3:AD33A0
|i A05551
|p 0479379
|f BK
|
| 999 |
f |
f |
|i e1f74c5b-0dc2-586c-9a17-a7692aa76250
|s 73df19c6-8d18-5dac-8f17-fc279e020694
|
| 952 |
f |
f |
|p Can circulate
|a CAVAL
|b CAVAL
|c CAVAL
|d CARM 1 Store
|e A05551
|f A3:AD33A0
|h Other scheme
|i book
|m 0479379
|